[Event "POL-chT2"]
[Site "Augustow"]
[Date "1997.??.??"]
[Round "?"]
[White "Antosiak, R."]
[Black "Wojcieszyn, P."]
[Result "1-0"]
[WhiteElo "1800"]
[BlackElo "1800"]
[PlyCount "79"]
[EventDate "1997.??.??"]
[EventType "team"]
[EventRounds "9"]
[EventCountry "POL"]
[SourceTitle "EXT 2003"]
[Source "ChessBase"]
[SourceDate "2002.11.25"]
[SourceVersion "1"]
[SourceVersionDate "2002.11.25"]
[SourceQuality "1"]

1. e4 e5 2. Nf3 Nc6 3. Bb5 d6 4. 0-0 Bd7 5. c3 Nf6 6. Re1 a6 7. Ba4 g6 8. d4 exd4 9. cxd4 b5 10. Bb3 Bg4 11. Be3 Bg7 12. h3 Bxf3 13. Qxf3 0-0 14. e5 dxe5 15. Qxc6 exd4 16. Bf4 Re8 17. Nd2 Rxe1+ 18. Rxe1 Ne8 19. Nf3 Nd6 20. Bxd6 cxd6 21. Qd5 Ra7 22. Nxd4 Bxd4 23. Qxd4 Re7 24. Rd1 Rd7 25. Qd5 Qf6 26. Rd2 Qf4 27. Qd4 Qxd4 28. Rxd4 Kg7 29. Kf1 f5 30. a4 Kf6 31. axb5 axb5 32. Rd5 b4 33. Rd4 Ke5 34. Rxb4 d5 35. Ke2 d4 36. Kd3 h5 37. g3 g5 38. Rb5+ Kf6 39. Rb6+ Kg7 40. Be6 1-0

[Event "POL-chT2"]
[Site "Augustow"]
[Date "1997.??.??"]
[Round "?"]
[White "Wojcieszyn, P."]
[Black "Janeczek, J."]
[Result "1/2-1/2"]
[WhiteElo "1800"]
[BlackElo "1800"]
[PlyCount "111"]
[EventDate "1997.??.??"]
[EventType "team"]
[EventRounds "9"]
[EventCountry "POL"]
[SourceTitle "EXT 2003"]
[Source "ChessBase"]
[SourceDate "2002.11.25"]
[SourceVersion "1"]
[SourceVersionDate "2002.11.25"]
[SourceQuality "1"]

1. d4 g6 2. c4 Bg7 3. Nf3 d6 4. Nc3 Nf6 5. Bf4 Nbd7 6. e3 0-0 7. Bd3 c5 8. 0-0 Nh5 9. Ne2 Re8 10. Qc2 e5 11. dxe5 dxe5 12. Bg3 f5 13. Bh4 Qb6 14. Bxf5 gxf5 15. Qxf5 Qg6 16. Qxg6 hxg6 17. Nc3 Nb6 18. Nd2 Be6 19. b3 a6 20. Nde4 Bf8 21. Bf6 Bf5 22. f3 Bxe4 23. Nxe4 Re6 24. Bg5 Rc8 25. g4 Ng7 26. Rad1 Be7 27. Bxe7 Rxe7 28. Rd6 Re6 29. Rfd1 Rc6 30. Rd8+ Ne8 31. Rb8 Rc7 32. Nd6 Kf8 33. Nxb7 Rd7 34. Rxd7 Nxd7 35. Rc8 Rb6 36. Nxc5 Nxc5 37. Rxc5 Re6 38. a4 Ke7 39. Kf2 Kd6 40. b4 Nf6 41. Rc8 Kd7 42. Rc5 Kd6 43. h4 e4 44. g5 Nd7 45. Rd5+ Kc6 46. a5 exf3 47. Kxf3 Re5 48. Rd4 Rf5+ 49. Kg4 Ne5+ 50. Kg3 Rf3+ 51. Kg2 Rxe3 52. Rf4 Nd7 53. h5 gxh5 54. g6 Re8 55. g7 Rg8 56. Kh3 1/2-1/2

[Event "POL-chT2"]
[Site "Augustow"]
[Date "1997.??.??"]
[Round "?"]
[White "Wojcieszyn, P."]
[Black "Madejska, J."]
[Result "0-1"]
[WhiteElo "1800"]
[BlackElo "1870"]
[PlyCount "54"]
[EventDate "1997.??.??"]
[EventType "team"]
[EventRounds "9"]
[EventCountry "POL"]
[SourceTitle "EXT 2003"]
[Source "ChessBase"]
[SourceDate "2002.11.25"]
[SourceVersion "1"]
[SourceVersionDate "2002.11.25"]
[SourceQuality "1"]

1. d4 d5 2. c4 e6 3. Nc3 f5 4. e3 Nf6 5. Nf3 c6 6. Be2 Nbd7 7. 0-0 Bd6 8. Re1 0-0 9. a3 Ne4 10. Qc2 Qf6 11. cxd5 exd5 12. Bd3 Qh6 13. g3 Rf6 14. Bf1 Nf8 15. b4 g5 16. b5 f4 17. exf4 gxf4 18. Nxe4 dxe4 19. Qxe4 Qg7 20. Nh4 fxg3 21. fxg3 Re6 22. Bc4 c5 23. Bxe6+ Bxe6 24. dxc5 Bxc5+ 25. Kg2 Qxa1 26. Qxb7 Qa2+ 27. Kh1 Bd5+ 0-1